Corrosion resistance against hydrogen / (Record no. 2317)
[ view plain ]
| 000 -LEADER | |
|---|---|
| fixed length control field | 00531cam a22001577i 4500 |
| 008 - FIXED-LENGTH DATA ELEMENTS--GENERAL INFORMATION | |
| fixed length control field | 231120s2014 gw a b 001 0 eng |
| 020 ## - INTERNATIONAL STANDARD BOOK NUMBER | |
| ISBN | 9783527337125 |
| 245 00 - TITLE STATEMENT | |
| Title | Corrosion resistance against hydrogen / |
| Statement of responsibility, etc | edited by Michael Schütze, Günter Schmitt, and Roman Bender. |
| 300 ## - COLLATION | |
| Pagination | xii, 468 pages : |
| Other physical details | illustrations ; |
| 650 #0 - TRACINGS | |
| Main Subject | Materials |
| Subdivision (2nd) | Deterioration. |
| 650 #0 - TRACINGS | |
| Main Subject | Hydrogen |
| Subdivision (2nd) | Industrial applications. |
| 650 #0 - TRACINGS | |
| Main Subject | Corrosion and anti-corrosives. |
| 700 1# - ADDITIONAL AUTHOR | |
| Additional Author | Schütze, Michael, |
| 942 ## - ADDED ENTRY ELEMENTS (KOHA) | |
| Item type | Books |
| 050 00 - LIBRARY OF CONGRESS CALL NUMBER | |
| Classification number | TA 418.75 .C67 |
| Source of classification or shelving scheme | Not for loan | Permanent location | Current location | Date acquired | Accession No. | Full call number | Barcode. | Copy number | Koha item type |
|---|---|---|---|---|---|---|---|---|---|
| Library of Congress Classification | Samuel Ogbemudia Main Library, University of Abuja | Samuel Ogbemudia Main Library, University of Abuja | 03/13/2025 | 2024/63820 - 01 | TA 418.75 .C67 | 2025-0580 | 2 | Books |